Pay Flexibility in the Public Sector

Saved in:
Bibliographic Details
Format: Book
Language:English
Published: Paris OECD 1993
Edition:1. ed.
Series:Puma
Subjects:
Tags: Add Tag
No Tags, Be the first to tag this record!

MARC

LEADER 00000nam a2200000 4500
001 c002962
005 20221214083636.6
020 |a 92-64-13949-4 
041 0 |a eng 
044 |a FR 
245 1 0 |a Pay Flexibility in the Public Sector 
250 |a 1. ed. 
264 1 |a Paris  |b OECD  |c 1993 
300 |a 234 s. 
490 1 |a Puma 
830 0 |a Puma 
610 2 0 |a sektor verejný 
610 2 0 |a mzdy 
610 2 0 |a pružnosť 
610 2 0 |a odmeňovanie 
610 2 0 |a trh práce 
610 2 0 |a politika mzdová 
610 2 0 |a vyjednávanie kolektívne 
610 2 0 |a USA 
610 2 0 |a Švédsko 
610 2 0 |a Austrália